[Event "ODJM B 2019"]
[Site "Willingen GER"]
[Date "2019.06.10"]
[Round "3"]
[White "Zell, Mirjam"]
[Black "Zieringer, Sebastian"]
[Result "1-0"]
[Termination "normal"]
[Board "3"]
[WhiteElo "1660"]
[BlackElo "1825"]
[WhiteClock "00:14:22"]
[BlackClock "00:10:02"]
[PlyCount "63"]
[WhiteFideId "16208544"]
[BlackFideId "16222008"]
[EventCountry "GER"]
[EventRounds "9"]
[EventType "swiss"]
[EventDate "2019.06.08"]

1. c4 b6 2. e4 Bb7 3. Nc3 e6 4. Nge2 Nf6 5. d3 d6 6. g3 c5 7. Bg2 Nc6 8. a3 a5
9. O-O Be7 10. d4 e5 11. dxe5 dxe5 12. Qxd8+ Rxd8 13. Nd5 Nd4 14. Nxd4 Bxd5 15.
exd5 cxd4 16. Re1 Nd7 17. Bd2 O-O 18. b4 a4 19. f4 f6 20. fxe5 fxe5 21. Rf1 Nf6
22. Rae1 Bd6 23. Bg5 Rc8 24. Rc1 Nh5 25. Rxf8+ Bxf8 26. Bh3 Rc7 27. Bd8 Rb7 28.
Bc8 Rb8 29. Be6+ Kh8 30. Bc7 Rb7 31. Bxe5 d3 32. Rd1 1-0

[Event "ODJM B 2019"]
[Site "Willingen GER"]
[Date "2019.06.10"]
[Round "3"]
[White "Diegel, Yannick"]
[Black "Wichert, Eddi"]
[Result "0-1"]
[Termination "normal"]
[Board "4"]
[WhiteElo "1411"]
[BlackElo "1702"]
[WhiteClock "00:16:24"]
[BlackClock "00:12:15"]
[PlyCount "62"]
[WhiteFideId "16222563"]
[BlackFideId "16266048"]
[EventCountry "GER"]
[EventRounds "9"]
[EventType "swiss"]
[EventDate "2019.06.08"]

1. c4 e5 2. Nc3 Nf6 3. d3 d5 4. cxd5 Nxd5 5. g3 Nc6 6. Bg2 Nb6 7. a3 Be7 8. Nf3
O-O 9. O-O Be6 10. b4 f6 11. Ne4 g5 12. Qd2 g4 13. Nh4 Nd4 14. Rb1 c6 15. Nc5
Bc8 16. e3 Ne6 17. Qa2 Nd5 18. e4 Nc3 19. Nxe6 Nxa2 20. Nxd8 Nxc1 21. Rbxc1
Rxd8 22. Rc3 a5 23. Rb1 Rd4 24. b5 Ra4 25. bxc6 bxc6 26. Rb6 Rxa3 27. Rxa3 Bxa3
28. Rxc6 a4 29. Rc2 Bb4 30. Nf5 a3 31. Ra2 Be6 0-1

[Event "ODJM B 2019"]
[Site "Willingen GER"]
[Date "2019.06.10"]
[Round "3"]
[White "Obciety, Sandra"]
[Black "Ortlepp, Klaudia"]
[Result "0-1"]
[Termination "normal"]
[Board "5"]
[WhiteElo "1619"]
[BlackElo "1570"]
[WhiteClock "00:03:57"]
[BlackClock "00:34:22"]
[PlyCount "78"]
[WhiteFideId "16213157"]
[BlackFideId "16206045"]
[EventCountry "GER"]
[EventRounds "9"]
[EventType "swiss"]
[EventDate "2019.06.08"]

1. e4 d5 2. exd5 Nf6 3. Nc3 c6 4. d4 Nxd5 5. Bc4 Nxc3 6. bxc3 e6 7. Nf3 Bd6 8.
O-O O-O 9. Re1 Nd7 10. Bb3 b5 11. a4 a5 12. Qd3 Ba6 13. axb5 cxb5 14. c4 bxc4
15. Bxc4 Bxc4 16. Qxc4 Nb6 17. Qb5 Nd5 18. Ne5 Qc7 19. Qc6 Bxe5 20. Qxc7 Bxc7
21. Ba3 Rfb8 22. c4 Nb4 23. Re2 Bb6 24. Rd2 Rd8 25. Rad1 Rac8 26. c5 Bc7 27. g3
Nd5 28. Rd3 Rb8 29. f4 Rb5 30. Kf2 Rdb8 31. Ke2 Bxf4 32. gxf4 Nxf4+ 33. Ke1
Nxd3+ 34. Rxd3 Rb3 35. Rxb3 Rxb3 36. Bc1 Rb1 37. Kd2 Rxc1 38. Kxc1 Kf8 39. Kb2
f5 0-1

[Event "ODJM B 2019"]
[Site "Willingen GER"]
[Date "2019.06.10"]
[Round "3"]
[White "Matthes, Benjamin"]
[Black "Maul, Maik Joel"]
[Result "1-0"]
[Termination "normal"]
[Board "7"]
[WhiteElo "1737"]
[BlackElo "1590"]
[WhiteClock "00:01:19"]
[BlackClock "00:36:17"]
[PlyCount "63"]
[WhiteFideId "16227298"]
[BlackFideId "16204816"]
[EventCountry "GER"]
[EventRounds "9"]
[EventType "swiss"]
[EventDate "2019.06.08"]

1. Nf3 d5 2. d4 Bf5 3. Bf4 Nc6 4. e3 e6 5. Bb5 Bd6 6. Ne5 Bxe5 7. Bxe5 f6 8.
Bf4 Nge7 9. Nd2 O-O 10. O-O e5 11. dxe5 fxe5 12. Bg5 Qd6 13. c4 Qg6 14. Bh4 Bd3
15. Re1 dxc4 16. Bxc4+ Bxc4 17. Nxc4 Nf5 18. Bg3 Nxg3 19. hxg3 Kh8 20. Qe2 Nb4
21. Red1 e4 22. Ne5 Qf5 23. a3 Qxe5 24. axb4 Qf6 25. Rd4 Rae8 26. Rxa7 Re5 27.
Ra5 Re7 28. Rad5 Ref7 29. Rxe4 Qc6 30. Rde5 Qc1+ 31. Kh2 Rxf2 32. Qxf2 1-0

[Event "ODJM B 2019"]
[Site "Willingen GER"]
[Date "2019.06.10"]
[Round "3"]
[White "Ebeling, Gereon"]
[Black "Günther, Emil"]
[Result "0-1"]
[Termination "normal"]
[Board "8"]
[WhiteElo "1588"]
[BlackElo "1689"]
[WhiteClock "00:29:13"]
[BlackClock "00:48:58"]
[PlyCount "84"]
[WhiteFideId "16223160"]
[BlackFideId "16228154"]
[EventCountry "GER"]
[EventRounds "9"]
[EventType "swiss"]
[EventDate "2019.06.08"]

1. e4 c5 2. Nf3 Nc6 3. d4 cxd4 4. Nxd4 Nf6 5. Nc3 e6 6. a3 a6 7. Bg5 Be7 8. Nf3
Qc7 9. Bd3 b5 10. Qd2 Bb7 11. b4 O-O 12. O-O Rac8 13. Ne2 d6 14. Rac1 Ne5 15.
Nxe5 dxe5 16. Bxf6 Bxf6 17. f3 Rfd8 18. Rb1 h6 19. Rb3 Bg5 20. Qd1 Qb6+ 21. Kh1
Rc7 22. Rc3 Rcd7 23. Qb1 Bd2 24. Rb3 Kh8 25. Rg1 Be3 26. Rf1 Bc6 27. Rc3 g6 28.
Rb3 Bg5 29. h3 Rg8 30. g3 Qd8 31. Rc3 Bb7 32. Rb3 h5 33. Qe1 f6 34. h4 Bh6 35.
Qf2 Rdg7 36. Qh2 g5 37. hxg5 Bxg5 38. f4 exf4 39. gxf4 f5 40. fxg5 fxe4 41. Kg1
Rxg5+ 42. Kf2 Rg2+ 0-1

[Event "ODJM B 2019"]
[Site "Willingen GER"]
[Date "2019.06.10"]
[Round "3"]
[White "Bartelt, Max Peter"]
[Black "Thorz, Maximilian"]
[Result "1-0"]
[Termination "normal"]
[Board "9"]
[WhiteElo "1789"]
[BlackElo "1677"]
[PlyCount "91"]
[WhiteFideId "12967289"]
[BlackFideId "16220668"]
[EventCountry "GER"]
[EventRounds "9"]
[EventType "swiss"]
[EventDate "2019.06.08"]

1. d4 Nf6 2. Nf3 d5 3. g3 e6 4. Bg2 Be7 5. O-O O-O 6. c4 c6 7. b3 Nbd7 8. Bb2
b6 9. Nbd2 Bb7 10. Rc1 a5 11. a3 h6 12. Ne5 Rc8 13. e4 Nxe4 14. Nxe4 dxe4 15.
Nxd7 Qxd7 16. Bxe4 Bf6 17. Qd3 c5 18. Rfd1 Rfd8 19. Rc2 Bxe4 20. Qxe4 cxd4 21.
Rcd2 e5 22. f4 Qg4 23. Kg2 exf4 24. Qxf4 Qxf4 25. gxf4 Rd7 26. Bxd4 Rcd8 27.
Be3 Rxd2+ 28. Rxd2 Rxd2+ 29. Bxd2 Be7 30. b4 axb4 31. Bxb4 Kf8 32. f5 Ke8 33.
Kf3 Bf6 34. Ke4 Kd7 35. Kd5 g5 36. c5 bxc5 37. Bxc5 g4 38. a4 Bg5 39. Ke4 Kc6
40. Be3 Bxe3 41. Kxe3 f6 42. Kf4 h5 43. Kg3 Kc5 44. Kh4 Kb4 45. Kxh5 Kxa4 46.
Kg6 1-0

[Event "ODJM B 2019"]
[Site "Willingen GER"]
[Date "2019.06.10"]
[Round "3"]
[White "Ebeling, Leander"]
[Black "Großmann, Piet"]
[Result "0-1"]
[Termination "normal"]
[Board "10"]
[WhiteElo "1694"]
[BlackElo "1801"]
[PlyCount "112"]
[WhiteFideId "16223179"]
[BlackFideId "16234359"]
[EventCountry "GER"]
[EventRounds "9"]
[EventType "swiss"]
[EventDate "2019.06.08"]

1. c4 e6 2. Nc3 Bb4 3. g3 Nf6 4. Bg2 c5 5. e4 Bxc3 6. bxc3 Nc6 7. Ne2 O-O 8.
O-O d6 9. d3 Qc7 10. h3 b6 11. Bg5 Nd7 12. Qd2 Bb7 13. Be3 Rad8 14. f4 f5 15.
g4 Na5 16. Ng3 fxe4 17. Nxe4 Bxe4 18. Bxe4 Nf6 19. Bg2 d5 20. cxd5 exd5 21. Qf2
c4 22. d4 Rfe8 23. f5 Ne4 24. Qc2 Nc6 25. Bf4 Qd7 26. Rae1 b5 27. Bxe4 Rxe4 28.
Rxe4 dxe4 29. Qxe4 b4 30. cxb4 Qxd4+ 31. Qxd4 Rxd4 32. Be3 Rd3 33. Bc5 Rxh3 34.
Kg2 Rd3 35. Rc1 c3 36. b5 Nd4 37. Bxd4 Rxd4 38. Rxc3 Rxg4+ 39. Kf3 Ra4 40. a3
h6 41. Ke2 Kf7 42. Kd2 Kf6 43. Kc2 Ra5 44. Rc6+ Kxf5 45. Rc5+ Ke4 46. Kb3 a6
47. Kb4 Rxb5+ 48. Rxb5 axb5 49. Kxb5 Kd5 50. a4 Kd6 51. Kb6 g5 52. a5 g4 53. a6
g3 54. a7 g2 55. a8=Q g1=Q+ 56. Kb5 Qc5+ 0-1

[Event "ODJM B 2019"]
[Site "Willingen GER"]
[Date "2019.06.10"]
[Round "3"]
[White "Werner, Tom"]
[Black "Knerr, Sebastian"]
[Result "1-0"]
[Termination "normal"]
[Board "11"]
[WhiteElo "1772"]
[BlackElo "1685"]
[PlyCount "97"]
[WhiteFideId "16223756"]
[BlackFideId "16266013"]
[EventCountry "GER"]
[EventRounds "9"]
[EventType "swiss"]
[EventDate "2019.06.08"]

1. c4 c5 2. Nc3 Nc6 3. g3 e5 4. Bg2 g6 5. e4 Bg7 6. Nge2 Nge7 7. O-O a6 8. d3
Rb8 9. a4 O-O 10. f4 d6 11. Be3 Nd4 12. Bxd4 exd4 13. Nd5 Nxd5 14. cxd5 Bg4 15.
h3 Bxe2 16. Qxe2 Re8 17. Qd2 b5 18. axb5 axb5 19. Rfc1 f5 20. exf5 gxf5 21. Re1
c4 22. Rxe8+ Qxe8 23. Re1 Qd7 24. Re6 Re8 25. dxc4 bxc4 26. Qe2 Rc8 27. Re7 Qd8
28. Qe6+ Kh8 29. Rd7 Qe8 30. Re7 Qd8 31. Qxf5 c3 32. Be4 Qg8 33. bxc3 dxc3 34.
h4 Rf8 35. Qh5 Ra8 36. Bc2 Rf8 37. Kh2 Rf6 38. Re6 Rxe6 39. dxe6 Bf6 40. g4 Qg7
41. g5 Be7 42. Bxh7 Qxh7 43. Qe8+ Qg8 44. Qxe7 c2 45. Qf6+ Qg7 46. e7 Qxf6 47.
gxf6 c1=Q 48. e8=Q+ Kh7 49. Qf7+ 1-0

[Event "ODJM B 2019"]
[Site "Willingen GER"]
[Date "2019.06.10"]
[Round "3"]
[White "Petersen, Finn Christopher"]
[Black "Stepanov, Maximilian"]
[Result "1-0"]
[Termination "normal"]
[Board "12"]
[WhiteElo "1780"]
[BlackElo "1615"]
[PlyCount "63"]
[WhiteFideId "12964840"]
[BlackFideId "16244680"]
[EventCountry "GER"]
[EventRounds "9"]
[EventType "swiss"]
[EventDate "2019.06.08"]

1. e4 e6 2. d4 d5 3. Nc3 Nf6 4. Bd3 Bb4 5. e5 Nfd7 6. Qg4 Kf8 7. a3 Be7 8. f4
c5 9. Nf3 Nc6 10. h4 cxd4 11. Ne2 Qb6 12. Ng5 h5 13. Qf3 Bxg5 14. hxg5 g6 15.
g4 Nc5 16. gxh5 Nxd3+ 17. cxd3 gxh5 18. Rxh5 Rxh5 19. Qxh5 Qa5+ 20. Kf2 Qb5 21.
Qh8+ Ke7 22. Qh7 Kf8 23. Bd2 Qxb2 24. g6 fxg6 25. Qh8+ Ke7 26. Rh1 Kd7 27. Rh7+
Ne7 28. Bb4 Kc6 29. Rxe7 Qb1 30. Nxd4+ Kb6 31. Qd8+ Ka6 32. Qa5# 1-0

[Event "ODJM B 2019"]
[Site "Willingen GER"]
[Date "2019.06.10"]
[Round "3"]
[White "Thumm, Felix"]
[Black "Schulze, Lukas"]
[Result "1/2-1/2"]
[Termination "normal"]
[Board "13"]
[WhiteElo "1836"]
[BlackElo "1643"]
[PlyCount "80"]
[WhiteFideId "12902209"]
[BlackFideId "12956856"]
[EventCountry "GER"]
[EventRounds "9"]
[EventType "swiss"]
[EventDate "2019.06.08"]

1. d4 Nf6 2. Nf3 g6 3. e3 Bg7 4. b3 O-O 5. Bb2 d6 6. Bd3 Nc6 7. a3 e5 8. dxe5
Ng4 9. Nc3 Ngxe5 10. Be2 Bg4 11. Nxe5 Bxe2 12. Nxc6 Bxd1 13. Nxd8 Bxc2 14. Nxb7
Rab8 15. Na5 Bxb3 16. Rc1 Be6 17. Ba1 Rb6 18. O-O Ra6 19. Nb7 Rb8 20. Rb1 Rb6
21. Rxb6 axb6 22. Nxd6 cxd6 23. Ne4 Ra8 24. Bxg7 Kxg7 25. Ra1 d5 26. Nc3 Ra5
27. Kf1 b5 28. Rb1 Rxa3 29. Nxb5 Ra5 30. Ke2 Ra2+ 31. Kf3 h5 32. Nc7 Bf5 33.
Rb5 Be4+ 34. Kg3 h4+ 35. Kxh4 Rxf2 36. Nxd5 Rf5 37. Nc3 Rxb5 38. Nxb5 Bxg2 39.
Nd4 Bd5 40. Kg5 Bc4 1/2-1/2

[Event "ODJM B 2019"]
[Site "Willingen GER"]
[Date "2019.06.10"]
[Round "3"]
[White "Lange, Malina"]
[Black "Lau, Theodor"]
[Result "1-0"]
[Termination "normal"]
[Board "14"]
[WhiteElo "1562"]
[BlackElo "1670"]
[PlyCount "39"]
[WhiteFideId "16228952"]
[BlackFideId "12946524"]
[EventCountry "GER"]
[EventRounds "9"]
[EventType "swiss"]
[EventDate "2019.06.08"]

1. e4 c5 2. Nf3 Nc6 3. d4 cxd4 4. Nxd4 g6 5. Nc3 Bg7 6. Be3 Nf6 7. Bc4 O-O 8.
Bb3 d6 9. f3 Bd7 10. Qd2 a6 11. O-O-O Rc8 12. h4 h5 13. Nd5 Nxd5 14. Bxd5 Na5
15. Nb3 Nc4 16. Bxc4 Rxc4 17. g4 hxg4 18. h5 gxf3 19. hxg6 fxg6 20. Qd5+ 1-0

[Event "ODJM B 2019"]
[Site "Willingen GER"]
[Date "2019.06.10"]
[Round "3"]
[White "Naumenko, Valerija"]
[Black "Tran, Minh Dat"]
[Result "1-0"]
[Termination "normal"]
[Board "15"]
[WhiteElo "1606"]
[BlackElo "1573"]
[PlyCount "23"]
[WhiteFideId "16222890"]
[BlackFideId "16244702"]
[EventCountry "GER"]
[EventRounds "9"]
[EventType "swiss"]
[EventDate "2019.06.08"]

1. e4 g6 2. d4 Bg7 3. Nc3 c6 4. Bc4 d5 5. exd5 cxd5 6. Nxd5 e6 7. Qe2 Bxd4 8.
Nf3 Bg7 9. Bf4 Bh6 10. Nc7+ Ke7 11. Rd1 Bd7 12. Bd6+ 1-0

[Event "ODJM B 2019"]
[Site "Willingen GER"]
[Date "2019.06.10"]
[Round "3"]
[White "Kolb, Verena"]
[Black "Chromey, Tamir"]
[Result "1/2-1/2"]
[Termination "normal"]
[Board "16"]
[WhiteElo "1649"]
[BlackElo "1627"]
[PlyCount "83"]
[WhiteFideId "12992313"]
[BlackFideId "16287479"]
[EventCountry "GER"]
[EventRounds "9"]
[EventType "swiss"]
[EventDate "2019.06.08"]

1. e4 e6 2. d4 d5 3. exd5 exd5 4. Bd3 Bd6 5. c3 Nf6 6. Bg5 Be6 7. Ne2 Nbd7 8.
Nf4 O-O 9. Nxe6 fxe6 10. Qc2 h6 11. Bh4 e5 12. dxe5 Nxe5 13. Bf5 Qe7 14. O-O
Rae8 15. Nd2 c6 16. Nb3 Bc5 17. Nxc5 Qxc5 18. Rae1 Qd6 19. Re2 Nf7 20. Rfe1 Qd8
21. Bg6 Rxe2 22. Rxe2 Re8 23. Kf1 Rxe2 24. Qxe2 Qe8 25. f3 Qxe2+ 26. Kxe2 Ne5
27. Bf5 Ned7 28. Ke3 Kf7 29. Kd2 g6 30. Bh3 b6 31. Bg3 g5 32. Bd6 c5 33. b3 Ne8
34. Bg3 Nef6 35. Bf5 Ke7 36. Kd3 Nh5 37. Bc7 Nhf6 38. Ke3 Nf8 39. Bb8 a6 40.
Bc8 a5 41. Bc7 N8d7 42. h3 1/2-1/2

[Event "ODJM B 2019"]
[Site "Willingen GER"]
[Date "2019.06.10"]
[Round "3"]
[White "Hoppe, Nico"]
[Black "Dartmann Aubanell, Catriona"]
[Result "0-1"]
[Termination "normal"]
[Board "17"]
[WhiteElo "1692"]
[BlackElo "1728"]
[PlyCount "44"]
[WhiteFideId "16225520"]
[BlackFideId "24585270"]
[EventCountry "GER"]
[EventRounds "9"]
[EventType "swiss"]
[EventDate "2019.06.08"]

1. d4 d5 2. Nf3 Nf6 3. e3 e6 4. Bd3 c5 5. b3 Nc6 6. Bb2 Bd6 7. O-O O-O 8. Nbd2
cxd4 9. Nxd4 e5 10. Nxc6 bxc6 11. Be2 Qc7 12. c4 e4 13. h3 Qe7 14. Qc2 Nd7 15.
Rac1 Ne5 16. Rfd1 Qg5 17. Nxe4 dxe4 18. Rxd6 Bxh3 19. Bf1 Nf3+ 20. Kh1 Bxg2+
21. Bxg2 Qh4+ 22. Bh3 Qxh3# 0-1

[Event "ODJM B 2019"]
[Site "Willingen GER"]
[Date "2019.06.10"]
[Round "3"]
[White "Kruse, Hannes"]
[Black "Laag, Pascal"]
[Result "0-1"]
[Termination "normal"]
[Board "18"]
[WhiteElo "1362"]
[BlackElo "1699"]
[PlyCount "128"]
[WhiteFideId "16254660"]
[BlackFideId "16256069"]
[EventCountry "GER"]
[EventRounds "9"]
[EventType "swiss"]
[EventDate "2019.06.08"]

1. e4 c5 2. Bc4 e6 3. Nc3 Nc6 4. d3 a6 5. a4 Nge7 6. f4 d5 7. Ba2 d4 8. Nce2 b5
9. axb5 axb5 10. f5 Nb4 11. fxe6 Bxe6 12. Bxe6 Rxa1 13. Bb3 Qa5 14. Qd2 c4 15.
dxc4 bxc4 16. Bxc4 Nxc2+ 17. Kf2 Qc5 18. Bd3 Nb4 19. Nf3 Nec6 20. Re1 Bd6 21.
Kf1 Na2 22. Nfxd4 Nxc1 23. Bb5 Nb3 24. Bxc6+ Qxc6 25. Nxb3 Rxe1+ 26. Qxe1 Qxe4
27. Qc1 O-O 28. Nbd4 Re8 29. h3 Qe3 30. Qxe3 Rxe3 31. Ke1 Rd3 32. Nb5 Be5 33.
Nbc3 Bxc3+ 34. Nxc3 Kf8 35. Ke2 Rd7 36. b4 Ke8 37. b5 Kd8 38. Na4 Kc7 39. b6+
Kc6 40. Ke3 Kb5 41. Nc3+ Kxb6 42. Ne4 Re7 43. Kf3 Rxe4 44. Kxe4 Kc6 45. Ke5 Kd7
46. g4 f6+ 47. Kd5 g5 48. Kd4 Kd6 49. Ke4 Ke6 50. Kf3 Kd5 51. Kg3 Ke4 52. h4
Ke3 53. hxg5 fxg5 54. Kh2 Kf2 55. Kh1 Kg3 56. Kg1 Kxg4 57. Kg2 h6 58. Kh2 Kf3
59. Kg1 g4 60. Kf1 g3 61. Kg1 g2 62. Kh2 Kf2 63. Kh3 g1=Q 64. Kh4 Qg5+ 0-1

[Event "ODJM B 2019"]
[Site "Willingen GER"]
[Date "2019.06.10"]
[Round "3"]
[White "Glöckl, Simon"]
[Black "Alhamid, Mohamad"]
[Result "0-1"]
[Termination "normal"]
[Board "19"]
[WhiteElo "1586"]
[BlackElo "1672"]
[PlyCount "28"]
[WhiteFideId "16266072"]
[BlackFideId "16235665"]
[EventCountry "GER"]
[EventRounds "9"]
[EventType "swiss"]
[EventDate "2019.06.08"]

1. e4 e5 2. Nf3 Nc6 3. d4 exd4 4. Nxd4 Bc5 5. Nb3 Bb6 6. Nc3 Nf6 7. Bg5 h6 8.
Bh4 d6 9. Bb5 Bd7 10. Qd2 a6 11. Bxc6 Bxc6 12. f3 Nxe4 13. Qxh6 Rxh6 14. Bxd8
Nxc3 0-1

[Event "ODJM B 2019"]
[Site "Willingen GER"]
[Date "2019.06.10"]
[Round "3"]
[White "Andresen, Marc"]
[Black "de Veer, Mara"]
[Result "1/2-1/2"]
[Termination "normal"]
[Board "20"]
[WhiteElo "1428"]
[BlackElo "1379"]
[PlyCount "86"]
[WhiteFideId "16233719"]
[BlackFideId "16217349"]
[EventCountry "GER"]
[EventRounds "9"]
[EventType "swiss"]
[EventDate "2019.06.08"]

1. e4 c6 2. d4 d5 3. exd5 cxd5 4. Bd3 Nc6 5. c3 Nf6 6. Bf4 Bg4 7. Nf3 e6 8.
Nbd2 Bd6 9. Bxd6 Qxd6 10. O-O Bh5 11. Re1 Bg6 12. Qc2 Qc7 13. Rac1 O-O-O 14. c4
Kb8 15. Bxg6 hxg6 16. cxd5 Nxd5 17. Ne5 Rc8 18. Ndf3 Nxe5 19. Qxc7+ Rxc7 20.
Nxe5 Rhc8 21. Rc5 b6 22. Rb5 a6 23. Rb3 g5 24. Nf3 g4 25. Ne5 f5 26. f3 gxf3
27. Nxf3 Re7 28. Ng5 Rce8 29. Rf3 g6 30. Re5 Kb7 31. Rh3 Nc7 32. Rh6 Rg8 33. h4
Kc8 34. h5 gxh5 35. Nxe6 Nxe6 36. Rexe6 Rxe6 37. Rxe6 Kc7 38. Rf6 Rd8 39. Rxf5
Rxd4 40. Rxh5 Rd1+ 41. Kh2 Rd2 42. a4 Rxb2 43. a5 bxa5 1/2-1/2

[Event "ODJM B 2019"]
[Site "Willingen GER"]
[Date "2019.06.10"]
[Round "3"]
[White "Reyher, Susan"]
[Black "Schilay, Eva"]
[Result "0-1"]
[Termination "normal"]
[Board "21"]
[WhiteElo "1714"]
[BlackElo "1628"]
[PlyCount "50"]
[WhiteFideId "24686107"]
[BlackFideId "12930164"]
[EventCountry "GER"]
[EventRounds "9"]
[EventType "swiss"]
[EventDate "2019.06.08"]

1. e4 d6 2. d4 Nf6 3. Nc3 e5 4. Nf3 Nbd7 5. Bc4 Be7 6. O-O O-O 7. a4 a5 8. Re1
c6 9. Ba2 Qc7 10. Be3 b6 11. Nd2 Bb7 12. f4 Rfe8 13. f5 d5 14. exd5 cxd5 15.
Nb5 Qc6 16. dxe5 d4 17. Nf3 Nxe5 18. Nbxd4 Nxf3+ 19. Nxf3 Rad8 20. Qe2 Bc5 21.
Qf2 Ng4 22. Qg3 Nxe3 23. Kh1 Qd6 24. Qh4 Qf6 25. Ng5 Bxg2+ 0-1

[Event "ODJM B 2019"]
[Site "Willingen GER"]
[Date "2019.06.10"]
[Round "3"]
[White "Bilecen, Simon"]
[Black "Scheidt, Mike Niklas"]
[Result "1-0"]
[Termination "normal"]
[Board "22"]
[WhiteElo "1669"]
[BlackElo "1557"]
[PlyCount "61"]
[WhiteFideId "16225511"]
[BlackFideId "12965235"]
[EventCountry "GER"]
[EventRounds "9"]
[EventType "swiss"]
[EventDate "2019.06.08"]

1. d4 d5 2. Bf4 e6 3. e3 f5 4. Nf3 Nf6 5. c4 c6 6. Nbd2 Be7 7. h3 O-O 8. Be2
Ne4 9. Ne5 Bb4 10. Nef3 g5 11. Bxb8 Rxb8 12. a3 Bd6 13. c5 Bc7 14. Qc2 Qf6 15.
Rf1 Bd7 16. Nxe4 fxe4 17. Nd2 e5 18. Qa4 exd4 19. exd4 Qf4 20. O-O-O b6 21. Qc2
bxc5 22. Qxc5 Bb6 23. Qc3 c5 24. dxc5 Bxc5 25. Kb1 Rfc8 26. g3 Qd6 27. Nc4 Bxa3
28. Qxa3 Qxa3 29. Nxa3 Ba4 30. Rxd5 Rc3 31. Ka1 1-0

[Event "ODJM B 2019"]
[Site "Willingen GER"]
[Date "2019.06.10"]
[Round "3"]
[White "Petrosyan, Tigran"]
[Black "Diegel, Jonas"]
[Result "1/2-1/2"]
[Termination "normal"]
[Board "23"]
[WhiteElo "1603"]
[BlackElo "1787"]
[PlyCount "52"]
[WhiteFideId "12962783"]
[BlackFideId "16206061"]
[EventCountry "GER"]
[EventRounds "9"]
[EventType "swiss"]
[EventDate "2019.06.08"]

1. Nf3 e6 2. c4 c5 3. Nc3 Nc6 4. e3 g6 5. Be2 Bg7 6. O-O Nge7 7. d4 cxd4 8.
exd4 d5 9. cxd5 exd5 10. Bf4 a6 11. Re1 O-O 12. Ne5 Be6 13. Bf3 Qb6 14. Nxc6
bxc6 15. Bd6 Rfe8 16. Bc5 Qc7 17. Ne2 Nf5 18. Ng3 Nd6 19. b3 a5 20. Be2 Nb7 21.
Rc1 Rac8 22. Qd2 h5 23. Ba6 Nxc5 24. Bxc8 Nxb3 25. axb3 Rxc8 26. Ne2 Kh7
1/2-1/2

[Event "ODJM B 2019"]
[Site "Willingen GER"]
[Date "2019.06.10"]
[Round "3"]
[White "Reuter, Julian-Frank"]
[Black "Hungeling, David"]
[Result "1-0"]
[Termination "normal"]
[Board "24"]
[WhiteElo "1733"]
[BlackElo "1566"]
[PlyCount "53"]
[WhiteFideId "16256182"]
[BlackFideId "16222440"]
[EventCountry "GER"]
[EventRounds "9"]
[EventType "swiss"]
[EventDate "2019.06.08"]

1. e4 e6 2. b3 d5 3. Bb2 c5 4. exd5 exd5 5. d4 Nc6 6. Nf3 Bg4 7. Be2 Qf6 8. O-O
Bd6 9. h3 Bh5 10. Ne5 Bxe2 11. Qxe2 Qe6 12. Re1 Nxe5 13. dxe5 Bc7 14. Nc3 a6
15. Qf3 Ne7 16. Rad1 Rd8 17. Ne2 Ng6 18. Ng3 O-O 19. Nh5 Rfe8 20. Kf1 Bxe5 21.
Bxe5 Nxe5 22. Qg3 g6 23. Qg5 Kh8 24. Nf6 Re7 25. f4 Rd6 26. Rxe5 Qxf6 27. Qxf6+
1-0

[Event "ODJM B 2019"]
[Site "Willingen GER"]
[Date "2019.06.10"]
[Round "3"]
[White "Götz, Timon"]
[Black "Zimmer, Luca"]
[Result "1/2-1/2"]
[Termination "normal"]
[Board "25"]
[WhiteElo "1408"]
[BlackElo "1676"]
[PlyCount "80"]
[WhiteFideId "16245040"]
[BlackFideId "12921424"]
[EventCountry "GER"]
[EventRounds "9"]
[EventType "swiss"]
[EventDate "2019.06.08"]

1. c4 e6 2. g3 c6 3. Bg2 d5 4. Nf3 Bd6 5. b3 Qe7 6. Bb2 f5 7. e3 Nf6 8. d3 Nbd7
9. Nbd2 O-O 10. O-O e5 11. Qe2 e4 12. Ne1 Re8 13. cxd5 cxd5 14. dxe4 fxe4 15.
Nc2 Ne5 16. Bd4 Bd7 17. f3 a6 18. fxe4 Bb5 19. Qf2 Bxf1 20. Rxf1 Neg4 21. Qf5
Nh6 22. Bxf6 Nxf5 23. Bxe7 Nxe7 24. exd5 Rf8 25. Bh3 Rxf1+ 26. Kxf1 Rd8 27.
Be6+ Kf8 28. e4 Ng6 29. Ke2 Ke7 30. Nd4 Kf6 31. Nf5 Bb8 32. Nc4 Nf8 33. Bg8 g6
34. Nd4 Re8 35. Kf3 Kg7 36. Be6 Nxe6 37. Nxe6+ Kf6 38. h4 h5 39. a4 Rc8 40. Nd4
Rd8 1/2-1/2

[Event "ODJM B 2019"]
[Site "Willingen GER"]
[Date "2019.06.10"]
[Round "3"]
[White "Winterberg, Johanna"]
[Black "Francois, Yannick"]
[Result "0-1"]
[Termination "normal"]
[Board "26"]
[WhiteElo "1742"]
[BlackElo "1643"]
[PlyCount "46"]
[WhiteFideId "12929344"]
[BlackFideId "16200918"]
[EventCountry "GER"]
[EventRounds "9"]
[EventType "swiss"]
[EventDate "2019.06.08"]

1. e4 e5 2. Nf3 Nf6 3. Bc4 Nxe4 4. d4 d5 5. Bd3 exd4 6. Nxd4 c5 7. Bb5+ Bd7 8.
Bxd7+ Qxd7 9. Nf3 Nc6 10. Qe2 Be7 11. Ng5 Nd4 12. Qd3 Bxg5 13. Bxg5 Nxg5 14. c3
Qe6+ 15. Kd1 Qg4+ 16. f3 Qf5 17. Re1+ Nge6 18. Qd2 Nc6 19. Re3 O-O 20. g4 Qf4
21. Na3 d4 22. Rd3 Qxd2+ 23. Kxd2 Nf4 0-1

[Event "ODJM B 2019"]
[Site "Willingen GER"]
[Date "2019.06.10"]
[Round "3"]
[White "Unbehend, Marius"]
[Black "ter Stal, Lars"]
[Result "0-1"]
[Termination "normal"]
[Board "27"]
[WhiteElo "1395"]
[BlackElo "1732"]
[PlyCount "88"]
[WhiteFideId "16214420"]
[BlackFideId "12965200"]
[EventCountry "GER"]
[EventRounds "9"]
[EventType "swiss"]
[EventDate "2019.06.08"]

1. e4 e6 2. d4 d5 3. Nd2 Nf6 4. e5 Nfd7 5. c3 c5 6. Bd3 Nc6 7. Ne2 cxd4 8. cxd4
f6 9. exf6 Qxf6 10. Nf3 Bd6 11. Bg5 Qf7 12. O-O O-O 13. Qc2 Qh5 14. Ng3 Bxg3
15. fxg3 Rxf3 16. gxf3 Qxg5 17. Bxh7+ Kh8 18. Rae1 Nf6 19. f4 Qg4 20. Bd3 Nxd4
21. Qf2 Nc6 22. Re5 Bd7 23. Rg5 Qh3 24. Re1 Rc8 25. Bf1 Qh7 26. Bg2 Qd3 27. g4
Nd4 28. Qh4+ Qh7 29. Qf2 Qd3 30. Qh4+ Qh7 31. Qf2 Qd3 32. Qh4+ Kg8 33. Qh6 Ne8
34. Bxd5 Qd2 35. Qh4 exd5 36. Rxe8+ Bxe8 37. Rxg7+ Kxg7 38. Qe7+ Bf7 39. Qg5+
Kf8 40. Qh6+ Ke8 41. Qh8+ Kd7 42. Qh3 Rc1+ 43. Qf1 Nf3+ 44. Kh1 Qxh2# 0-1